Top 10 Länder mit den meisten Seen (über 0,1 km²) - Statistiken

Allgemein
  • Dieses Quiz wurde 479 mal gespielt
  • Das Durchschnittsergebnis liegt bei 8 aus 10
Antwortstatistiken
Seen Land % Korrekt
879.800 Kanada
98%
201.200 Russland
93%
102.500 Vereinigte Staaten
91%
22.600 Schweden
86%
23.800 China
84%
20.900 Brasilien
78%
20.000 Norwegen
78%
13.600 Argentinien
64%
11.400 Australien
57%
12.400 Kasachstan
48%
Keine übereinstimmenden Quizze gefunden
Verteilung der Resultate
Anzahl Personen mit jedem Resultat
Perzentil nach korrekt beantworteten Fragen
Ihre Resultats-Entwicklung
Sie haben dieses Quiz noch nicht gespielt